Квиз о Киргистану - Statistics

General Stats
  • This quiz has been taken 65 times
  • The average score is 6 of 17
Answer Stats
Опис Одговор % Correct
Језик са највише говорника након киргиског Руски
93%
Једина држава са којом се граничи, а чије име не завршава на "-стан" Кина
91%
Држава од које је добијена независност 1991. године Совјетски Савез
82%
Главни град Бишкек
79%
Киргистан је држава која је више удаљена од ____ него иједна друга држава на свету Мора
70%
Метал који чини 43% извоза Злато
51%
Врста шатора приказаног на застави Јурта
32%
Револуција 2005. године којом збачен председник Аскар Акајев (названа према цвету) Револуција {Лала}
21%
Друга највећа етничка група, чини око 14.7% популације Узбеци
21%
"Улак Тартиш", познатији под именом бузкаши је спорт у коме коњаници покушавају да ову животињу однесу у супарнички гол Коза (понекад Теле)
19%
Други највећи град (има само 2 слова) Ош
19%
Планински венац који прекрива источни Киргистан {Тјен} Шан
14%
Државна валута Сом
12%
Илегалан, али још увек практикован обичај ______ младе, називан "Ала Качу" Киднаповања
5%
Највеће језеро Киргистана {Исик} Кул
5%
У регији Арсланбоб се налази највећа шума овог дрвета на свету Орах
4%
Епска поема о настанку киргиског народа, стара преко 1000 година и 20 пута дужа од Хомерове Одисеје Еп о {Манас}у
0%
No matching quizzes found
Score Distribution
Percent of People with Each Score
Percentile by Number Answered
Your Score History
You have not taken this quiz